| 000 | 00837nam a2200277 a 4500 | ||
|---|---|---|---|
| 001 | 61474 | ||
| 003 | BD-RjUL | ||
| 005 | 20211209080952.0 | ||
| 008 | 170118s2005 ii a 001 0 eng d | ||
| 020 | _a8178295369 | ||
| 035 | _a(BD-RjUL)61598 | ||
| 040 |
_aDLC _cDLC _dBD-RjUL _beng |
||
| 041 | _aeng | ||
| 082 | 0 | 0 |
_a659.2 _223 _bTRP 2005 |
| 100 | 1 |
_aTreadwell, Donald _9183229 |
|
| 245 | 1 | 0 |
_aPublic relations writing : _bprinciples in practice / _cDonald Treadwell, Jill B. Treadwell |
| 250 | _a2nd ed. | ||
| 260 |
_aNew Delhi : _bResponse Books, _cc2005. |
||
| 300 |
_axxvi, 517 p. : _bill. ; _c28 cm. |
||
| 500 | _aIncludes index. | ||
| 650 | 0 |
_aPublic relations _xAuthorship. _9183230 |
|
| 650 | 0 |
_aPublic relations. _9183231 |
|
| 650 | 0 |
_aBusiness writing. _9182112 |
|
| 700 | 1 |
_aTreadwell, Jill B. _9183232 |
|
| 942 |
_2ddc _cBK |
||
| 999 |
_c61474 _d61474 |
||